000 02283 a2200349 4500
003 OSt
005 20180116192329.0
008 120423t xxu||||| |||| 00| 0 eng d
010 _a 2005049928
020 _a0415363330 (hbk.)
020 _a9780415363334 (hbk.)
020 _a0415363349 (pbk.)
020 _a9780415363341 (pbk.)
020 _a0203013662 (e-book)
020 _a9780203013663 (e-book)
035 _a(OCoLC)ocm60644844
035 _a(OCoLC)60644844
040 _c0
082 0 0 _a720.47
245 0 0 _aEnvironmental design :
_ban introduction for architects and engineers /
_cedited by Randall Thomas.
250 _a3rd ed.
260 _aLondon ;
_aNew York :
_bTaylor & Francis,
_cc2006.
300 _axvi, 272 p. :
_bill. ;
_c26 cm.
505 0 _aStrategies / Max Fordham -- Comfort, health, and environmental physics / Bill Watts -- Buildings and energy balances / Bill Watts and Randall Thomas -- Building planning and design / Randall Thomas -- Site planning / Randall Thomas -- Materials and construction / Randall Thomas -- Energy sources / Ramiro Godoy -- Lighting / Randall Thomas -- Engineering thermal comfort / Randall Thomas -- Water, waste disposal, and appliances / Mike Entwisle, Randall Thomas and Adam Ritchie -- Summary / Randall Thomas -- RMC International Headquarters / Bart Stevens -- Queens Building, De Montfort University / Edith Blennerhassett -- The Charles Cryer Studio Theatre / Colin Hamilton -- The Environmental Building, Building Research Establishment / Randall Thomas and Bart Stevens -- The Millennium Centre, Dagenham / Randall Thomas -- The Bedales Theatre / Randall Thomas -- Beaufort Court / Tamsin Tweddell -- Heelis, Central Office for the National Trust / Guy Nevill -- Environmental data and the psychrometric chart / Randall Thomas -- Calculation procedures / Randall Thomas -- Acoustics / Randall Thomas and Anthony Chilton -- Photovoltaics / Randall Thomas and Lorna Markham.
650 0 _aArchitecture
_xEnvironmental aspects.
_9981
650 0 _aEnvironmental engineering.
_9982
650 0 _aCity planning.
_9983
650 0 _aEngineering design.
_9984
700 1 _aThomas, Randall.
_9985
942 _aSADA
_cBK
_k720.47 ENV 2006
_2ddc
999 _c352298
_d352298